| 000 | 00654nam a22002417a 4500 | ||
|---|---|---|---|
| 999 |
_c4831 _d4831 |
||
| 001 | 1599 | ||
| 003 | BD-DhUAP | ||
| 005 | 20201122143516.0 | ||
| 008 | 201122s1992 us a|||| |||| 001 0 eng d | ||
| 020 | _a0697123332 | ||
| 020 | _a0697138372 | ||
| 040 |
_aBD-DhUAP _bEng _cBD-DhUAP _dBD-DhUAP |
||
| 082 |
_223 _a570 MAD |
||
| 100 | _aMader, Sylvia S. | ||
| 245 |
_aHuman biology / _cSylvia S. Mader. |
||
| 250 | _a3rd ed. | ||
| 260 |
_aDubuque, IA : _bWm. C. Brown Publishers, _c©1992. |
||
| 300 |
_axvi, 502 pages : _billustrations ; _c29 cm. |
||
| 500 | _aIncludes index. | ||
| 650 | _aHuman biology | ||
| 650 | _aHuman Body. | ||
| 942 |
_2ddc _cBK |
||